[Event "LSS WC-2008-F-00001"]
[Site "LSS email"]
[Date "2008.11.12"]
[Round "?"]
[White "Balabaev, Farit Gasisovich"]
[Black "Bergmann, Michael"]
[Result "0-1"]
[WhiteElo "2395"]
[BlackElo "2506"]
[PlyCount "44"]
[EventDate "2008.11.12"]
[EventType "tourn (corr)"]
[EventRounds "10"]
[EventCountry "GER"]
[SourceTitle "Corr 2011"]
[Source "ChessBase"]
[SourceDate "2010.08.31"]
[SourceVersion "1"]
[SourceVersionDate "2010.08.31"]
[SourceQuality "1"]

1. e4 c5 2. Nf3 d6 3. d4 cxd4 4. Nxd4 Nf6 5. Nc3 a6 6. Be2 e6 7. 0-0 Be7 8. f4 0-0 9. Be3 Qc7 10. Qe1 b5 11. Bf3 Bb7 12. a3 Nbd7 13. Nb3 Rac8 14. Qg3 e5 15. Rad1 Rfe8 16. f5 Qb8 17. Bh6 Bf8 18. Rfe1 a5 19. Rc1 Kh8 20. Bg5 h6 21. Bxf6 Nxf6 22. Nd2 b4 0-1

[Event "LSS WC-2008-F-00001"]
[Site "LSS email"]
[Date "2008.11.12"]
[Round "?"]
[White "Balabaev, Farit Gasisovich"]
[Black "Mantovanelli, Marco"]
[Result "0-1"]
[WhiteElo "2395"]
[BlackElo "2505"]
[PlyCount "24"]
[EventDate "2008.11.12"]
[EventType "tourn (corr)"]
[EventRounds "10"]
[EventCountry "GER"]
[SourceTitle "Corr 2013"]
[Source "ChessBase"]
[SourceDate "2012.11.12"]
[SourceVersion "1"]
[SourceVersionDate "2012.11.12"]
[SourceQuality "1"]
[WhiteTeam "US of America"]
[BlackTeam "US of America"]
[WhiteTeamCountry "USA"]
[BlackTeamCountry "USA"]

1. e4 c5 2. Nf3 d6 3. d4 cxd4 4. Nxd4 Nf6 5. Nc3 a6 6. Be2 e5 7. Nb3 Be7 8. Be3 Be6 9. Nd5 Nxd5 10. exd5 Bf5 11. Qd2 0-0 12. 0-0 Bg6 0-1

[Event "LSS WC-2008-F-00001"]
[Site "LSS email"]
[Date "2008.11.12"]
[Round "?"]
[White "Balabaev, Farit Gasisovich"]
[Black "Siefring, Carl L"]
[Result "0-1"]
[WhiteElo "2395"]
[BlackElo "2430"]
[PlyCount "38"]
[EventDate "2008.11.12"]
[EventType "tourn (corr)"]
[EventRounds "10"]
[EventCountry "GER"]
[SourceTitle "Corr 2011"]
[Source "ChessBase"]
[SourceDate "2010.08.31"]
[SourceVersion "1"]
[SourceVersionDate "2010.08.31"]
[SourceQuality "1"]

1. e4 c5 2. Nf3 d6 3. d4 cxd4 4. Nxd4 Nf6 5. Nc3 a6 6. Be2 e5 7. Nb3 Be7 8. Be3 Be6 9. Nd5 Nbd7 10. Qd3 0-0 11. 0-0 Bxd5 12. exd5 Nc5 13. Nxc5 dxc5 14. c4 e4 15. Qb3 Qc7 16. g3 Bd6 17. Rfe1 Nd7 18. Rad1 f5 19. Qc3 b5 0-1

[Event "LSS WC-2008-F-00001"]
[Site "LSS email"]
[Date "2008.11.12"]
[Round "?"]
[White "Bubir, Sergei"]
[Black "Balabaev, Farit Gasisovich"]
[Result "1-0"]
[WhiteElo "2442"]
[BlackElo "2395"]
[PlyCount "41"]
[EventDate "2008.11.12"]
[EventType "tourn (corr)"]
[EventRounds "10"]
[EventCountry "GER"]
[SourceTitle "Corr 2011"]
[Source "ChessBase"]
[SourceDate "2010.08.31"]
[SourceVersion "1"]
[SourceVersionDate "2010.08.31"]
[SourceQuality "1"]

1. d4 d5 2. c4 c6 3. Nf3 Nf6 4. Nc3 e6 5. Bg5 h6 6. Bh4 dxc4 7. e4 g5 8. Bg3 b5 9. Be2 Bb7 10. 0-0 Nbd7 11. Ne5 Bg7 12. Nxd7 Nxd7 13. Bd6 a6 14. a4 e5 15. d5 c5 16. b4 cxb4 17. Bxb4 a5 18. Bd6 b4 19. Nb5 Rc8 20. Bxc4 Rxc4 21. Qb3 1-0

[Event "LSS WC-2008-F-00001"]
[Site "LSS email"]
[Date "2008.11.12"]
[Round "?"]
[White "Hellbing, Bernd"]
[Black "Balabaev, Farit Gasisovich"]
[Result "1-0"]
[WhiteElo "2504"]
[BlackElo "2395"]
[PlyCount "33"]
[EventDate "2008.11.12"]
[EventType "tourn (corr)"]
[EventRounds "10"]
[EventCountry "GER"]
[SourceTitle "Corr 2011"]
[Source "ChessBase"]
[SourceDate "2010.08.31"]
[SourceVersion "1"]
[SourceVersionDate "2010.08.31"]
[SourceQuality "1"]

1. c4 e5 2. g3 Nf6 3. Bg2 d5 4. cxd5 Nxd5 5. Nc3 Nb6 6. d3 Be7 7. Be3 0-0 8. Qc1 f6 9. Nf3 Nc6 10. 0-0 Nd4 11. Bxd4 exd4 12. Na4 Nxa4 13. Qc4+ Rf7 14. Qxa4 Bc5 15. b4 Bb6 16. Qb3 a6 17. Nd2 1-0

[Event "LSS CP-2008-P-00036"]
[Site "LSS email"]
[Date "2008.10.01"]
[Round "?"]
[White "Balabaev, Farit Gasisovich"]
[Black "Bearce, Harold L"]
[Result "1-0"]
[WhiteElo "2420"]
[BlackElo "1893"]
[PlyCount "23"]
[EventDate "2008.10.01"]
[EventType "tourn (corr)"]
[EventRounds "6"]
[EventCountry "GER"]
[SourceTitle "Corr 2013"]
[Source "ChessBase"]
[SourceDate "2012.11.12"]
[SourceVersion "1"]
[SourceVersionDate "2012.11.12"]
[SourceQuality "1"]
[WhiteTeam "US of America"]
[BlackTeam "US of America"]
[WhiteTeamCountry "USA"]
[BlackTeamCountry "USA"]

1. e4 c5 2. Nf3 a6 3. c3 d5 4. exd5 Qxd5 5. d4 cxd4 6. cxd4 Nc6 7. Nc3 Qd8 8. d5 Nb8 9. Qa4+ Bd7 10. Qb3 b5 11. a4 bxa4 12. Qb7 1-0

[Event "LSS CP-2008-P-00036"]
[Site "LSS email"]
[Date "2008.10.01"]
[Round "?"]
[White "Balabaev, Farit Gasisovich"]
[Black "Bidgood, Lee"]
[Result "1-0"]
[WhiteElo "2420"]
[BlackElo "1311"]
[PlyCount "21"]
[EventDate "2008.10.01"]
[EventType "tourn (corr)"]
[EventRounds "6"]
[EventCountry "GER"]
[SourceTitle "Corr 2013"]
[Source "ChessBase"]
[SourceDate "2012.11.12"]
[SourceVersion "1"]
[SourceVersionDate "2012.11.12"]
[SourceQuality "1"]
[WhiteTeam "US of America"]
[BlackTeam "US of America"]
[WhiteTeamCountry "USA"]
[BlackTeamCountry "USA"]

1. e4 e5 2. Nf3 d6 3. d4 Nc6 4. Bb5 Bd7 5. Nc3 Nf6 6. 0-0 Qe7 7. Bg5 a6 8. Ba4 b5 9. Nd5 Qd8 10. dxe5 dxe5 11. Bb3 1-0

[Event "FICGS W-ch KO fin email"]
[Site "FICGS email"]
[Date "2008.07.10"]
[Round "6"]
[White "Balabaev, Farit Gasisovich"]
[Black "Schuster, Peter"]
[Result "1/2-1/2"]
[WhiteElo "2502"]
[BlackElo "2537"]
[PlyCount "100"]
[EventDate "2008.??.??"]
[EventType "match (corr)"]
[EventRounds "8"]
[SourceTitle "Corr 2011"]
[Source "ChessBase"]
[SourceDate "2010.08.31"]
[SourceVersion "1"]
[SourceVersionDate "2010.08.31"]
[SourceQuality "1"]

1. e4 Nc6 2. Nf3 e5 3. Bb5 a6 4. Ba4 Nf6 5. 0-0 Be7 6. Re1 b5 7. Bb3 0-0 8. c3 d5 9. exd5 Nxd5 10. Nxe5 Nxe5 11. Rxe5 c6 12. d3 Bd6 13. Re2 Bf5 14. d4 Qf6 15. Nd2 Qg6 16. g3 Nf4 17. Re3 Rae8 18. Nf3 Bg4 19. Nh4 Nh3+ 20. Kf1 Qf6 21. Rf3 Qe7 22. Nf5 Qd7 23. Bc2 Kh8 24. Qd3 g6 25. Nxd6 Qxd6 26. Bb3 Ng1 27. Bf4 Nxf3 28. Qxf3 Qe6 29. Bxe6 Bxf3 30. Bd7 Ra8 31. Re1 Kg7 32. Be5+ f6 33. Bd6 Rf7 34. Bh3 Bd5 35. a3 Rb7 36. f4 Kf7 37. Kf2 h5 38. Rb1 Rh8 39. Re1 a5 40. Bc5 Re8 41. Rxe8 Kxe8 42. Bf1 Kd7 43. Bd3 f5 44. Bc2 a4 45. Bf8 Kc8 46. Bd6 Rh7 47. Be5 h4 48. g4 Rf7 49. Bd1 Kd7 50. g5 Ke6 1/2-1/2

[Event "FICGS W-ch KO fin email"]
[Site "FICGS email"]
[Date "2008.07.10"]
[Round "8"]
[White "Balabaev, Farit Gasisovich"]
[Black "Schuster, Peter"]
[Result "1-0"]
[WhiteElo "2502"]
[BlackElo "2537"]
[PlyCount "75"]
[EventDate "2008.??.??"]
[EventType "match (corr)"]
[EventRounds "8"]
[SourceTitle "Corr 2011"]
[Source "ChessBase"]
[SourceDate "2010.08.31"]
[SourceVersion "1"]
[SourceVersionDate "2010.08.31"]
[SourceQuality "1"]

1. d4 Nf6 2. c4 e6 3. Nc3 Bb4 4. Qc2 0-0 5. a3 Bxc3+ 6. Qxc3 h6 7. g3 d6 8. Nf3 a5 9. Bg2 Bd7 10. 0-0 Bc6 11. b4 axb4 12. axb4 Rxa1 13. Qxa1 b5 14. d5 exd5 15. c5 dxc5 16. bxc5 Re8 17. Nd4 Bd7 18. Bf4 g5 19. Be3 Ne4 20. Rc1 c6 21. Nb3 Qc8 22. Qd4 Qd8 23. Ra1 Nf6 24. Ra8 Qe7 25. Qa1 Bg4 26. h3 Bf5 27. Na5 Nfd7 28. Nb7 Bg6 29. Nd6 Rf8 30. Bd4 Kh7 31. e3 Qe6 32. Ra7 g4 33. hxg4 Qxg4 34. Qf1 Qh5 35. f3 Qg5 36. Qe1 Qh5 37. g4 Qg5 38. Bh3 1-0

[Event "FICGS W-ch KO fin email"]
[Site "FICGS email"]
[Date "2008.07.10"]
[Round "3"]
[White "Schuster, Peter"]
[Black "Balabaev, Farit Gasisovich"]
[Result "1/2-1/2"]
[WhiteElo "2537"]
[BlackElo "2502"]
[PlyCount "92"]
[EventDate "2008.??.??"]
[EventType "match (corr)"]
[EventRounds "8"]
[SourceTitle "Corr 2011"]
[Source "ChessBase"]
[SourceDate "2010.08.31"]
[SourceVersion "1"]
[SourceVersionDate "2010.08.31"]
[SourceQuality "1"]

1. Nc3 c5 2. Nf3 Nc6 3. e4 Nf6 4. Bb5 Qc7 5. 0-0 Nd4 6. Re1 a6 7. e5 Nxb5 8. exf6 Nxc3 9. fxg7 Bxg7 10. dxc3 d6 11. Ng5 Bf5 12. Bf4 e5 13. Ne4 0-0-0 14. Bg5 Rd7 15. Qf3 Bxe4 16. Qxe4 d5 17. Qg4 h5 18. Qf5 Qd6 19. Rad1 Qg6 20. Qxg6 fxg6 21. a4 Kc7 22. a5 Rf8 23. c4 dxc4 24. Rxd7+ Kxd7 25. Re4 c3 26. bxc3 Ke6 27. f3 Bf6 28. Be3 Kd6 29. Bd2 Rc8 30. c4 Ke6 31. Bc3 g5 32. Kf2 Rc7 33. g3 Rf7 34. Ke2 Re7 35. h3 Rh7 36. Re3 Re7 37. Bb2 h4 38. g4 Rf7 39. Bc3 Rd7 40. Bd2 Bd8 41. Rb3 Kd6 42. Rd3+ Ke6 43. Bc3 Rxd3 44. cxd3 b6 45. axb6 Bxb6 46. Kd1 Bd8 1/2-1/2

[Event "FICGS W-ch qf03 email"]
[Site "FICGS email"]
[Date "2008.07.08"]
[Round "8"]
[White "Lacrosse, Marc"]
[Black "Balabaev, Farit Gasisovich"]
[Result "1/2-1/2"]
[WhiteElo "2424"]
[BlackElo "2502"]
[PlyCount "97"]
[EventDate "2008.??.??"]
[EventType "match (corr)"]
[EventRounds "4"]
[SourceTitle "Corr 2011"]
[Source "ChessBase"]
[SourceDate "2010.08.31"]
[SourceVersion "1"]
[SourceVersionDate "2010.08.31"]
[SourceQuality "1"]

1. e4 c5 2. Nf3 Nc6 3. c3 Nf6 4. e5 Nd5 5. Bc4 Nb6 6. Bb3 c4 7. Bc2 Qc7 8. Qe2 g5 9. h3 Bg7 10. 0-0 Nxe5 11. Nxg5 h6 12. Nf3 Nxf3+ 13. Qxf3 d5 14. d3 cxd3 15. Bxd3 e5 16. Qg3 Bf6 17. Na3 a6 18. c4 Be6 19. cxd5 Nxd5 20. Qf3 0-0-0 21. Rd1 Kb8 22. Be4 Nb6 23. Be3 Rxd1+ 24. Rxd1 Bg5 25. Rc1 Qe7 26. Bc5 Qc7 27. Rc2 Rd8 28. b4 Be7 29. Be3 Qd6 30. Bxb7 Qd1+ 31. Kh2 Qxf3 32. Bxf3 Nd5 33. Bc5 Bxc5 34. bxc5 f5 35. Nc4 e4 36. Be2 Kc7 37. Nd6 Ra8 38. a3 Kc6 39. g3 Nc7 40. Bh5 Rf8 41. Rc1 Nb5 42. Be8+ Bd7 43. Bxd7+ Kxd7 44. Nc4 Nd4 45. Rd1 Kc6 46. Rxd4 Kxc5 47. Rd6 Kxc4 48. Rxa6 Kd3 49. Rxh6 1/2-1/2

[Event "LSS WC-2009-T-00003"]
[Site "LSS email"]
[Date "2008.04.15"]
[Round "?"]
[White "Balabaev, Farit Gasisovich"]
[Black "Van Tricht, Marcel"]
[Result "1/2-1/2"]
[WhiteElo "2396"]
[BlackElo "2283"]
[PlyCount "86"]
[EventDate "2008.04.15"]
[EventType "tourn (corr)"]
[EventRounds "12"]
[EventCountry "GER"]
[SourceTitle "Corr 2013"]
[Source "ChessBase"]
[SourceDate "2012.11.12"]
[SourceVersion "1"]
[SourceVersionDate "2012.11.12"]
[SourceQuality "1"]
[WhiteTeam "US of America"]
[BlackTeam "US of America"]
[WhiteTeamCountry "USA"]
[BlackTeamCountry "USA"]

1. e4 c5 2. Nf3 d6 3. d4 cxd4 4. Nxd4 Nf6 5. Nc3 a6 6. Be2 e6 7. 0-0 Be7 8. f4 0-0 9. Be3 Qc7 10. Qe1 Nc6 11. Qg3 d5 12. exd5 exd5 13. Bf3 Rd8 14. Rad1 Bc5 15. h3 Nxd4 16. Bxd4 Bxd4+ 17. Rxd4 Qb6 18. Qf2 Qxb2 19. Nxd5 Nxd5 20. Rfd1 Re8 21. Bxd5 g6 22. c4 Re2 23. Qh4 Be6 24. Bf3 Rc2 25. Qe7 Rc1 26. Kh2 Rxd1 27. Rxd1 Bxc4 28. a3 Rf8 29. Bxb7 Qb5 30. Rd6 Be6 31. Rxa6 Rb8 32. Ra7 Qb6 33. Bf3 Qd4 34. Kg3 h5 35. Ra6 Qe3 36. Qc7 Rc8 37. Qe5 h4+ 38. Kxh4 Qf2+ 39. g3 Qxf3 40. Rxe6 fxe6 41. Qxe6+ Kh7 42. Qe7+ Kh6 43. Qg5+ Kg7 1/2-1/2

[Event "LSS WC-2009-T-00003"]
[Site "LSS email"]
[Date "2008.04.15"]
[Round "?"]
[White "Bubir, Alex Nikolaevich"]
[Black "Balabaev, Farit Gasisovich"]
[Result "1-0"]
[WhiteElo "2470"]
[BlackElo "2392"]
[PlyCount "87"]
[EventDate "2008.04.15"]
[EventType "tourn (corr)"]
[EventRounds "12"]
[EventCountry "GER"]
[SourceTitle "Corr 2011"]
[Source "ChessBase"]
[SourceDate "2010.08.31"]
[SourceVersion "1"]
[SourceVersionDate "2010.08.31"]
[SourceQuality "1"]

1. d4 d5 2. c4 c6 3. Nc3 Nf6 4. Nf3 e6 5. Bg5 h6 6. Bh4 dxc4 7. e4 g5 8. Bg3 b5 9. Be2 Bb7 10. h4 g4 11. Ne5 h5 12. 0-0 Nbd7 13. Qc2 Nxe5 14. Bxe5 Bg7 15. Rad1 0-0 16. Bg3 Nd7 17. e5 f5 18. exf6 Qxf6 19. b3 a6 20. bxc4 c5 21. cxb5 cxd4 22. bxa6 Bxa6 23. Nb5 Rac8 24. Qe4 Bxb5 25. Bxb5 Nc5 26. Qe2 Rfd8 27. a4 Qf5 28. a5 Ne4 29. Bc4 Rc6 30. Rde1 Nc5 31. a6 d3 32. Qa2 Ra8 33. a7 Qf7 34. Bb8 Bd4 35. Be5 Rxa7 36. Qd2 Bxe5 37. Rxe5 Kf8 38. Qb4 Qc7 39. Rxh5 Ra4 40. Qc3 Qg7 41. Qxg7+ Kxg7 42. Bb5 Rc7 43. Rxc5 Rxc5 44. Bxa4 1-0

[Event "LSS WC-2009-T-00003"]
[Site "LSS email"]
[Date "2008.04.15"]
[Round "?"]
[White "Fiala, Jaroslav"]
[Black "Balabaev, Farit Gasisovich"]
[Result "0-1"]
[WhiteElo "2417"]
[BlackElo "2396"]
[PlyCount "44"]
[EventDate "2008.04.15"]
[EventType "tourn (corr)"]
[EventRounds "12"]
[EventCountry "GER"]
[SourceTitle "Corr 2011"]
[Source "ChessBase"]
[SourceDate "2010.08.31"]
[SourceVersion "1"]
[SourceVersionDate "2010.08.31"]
[SourceQuality "1"]

1. e4 c5 2. Nc3 Nc6 3. Nf3 Nf6 4. Bb5 Qc7 5. d3 a6 6. Bxc6 dxc6 7. a4 e5 8. h3 a5 9. Be3 Be7 10. Nd2 Be6 11. 0-0 0-0 12. Qf3 Rfd8 13. Nc4 Bxc4 14. dxc4 Nd7 15. Qg3 Nf8 16. b3 Ne6 17. Ne2 Nd4 18. Nxd4 cxd4 19. Bd2 Bb4 20. Rad1 c5 21. Bh6 f6 22. Bc1 Rd7 0-1

[Event "LSS CP-2005-S-00006"]
[Site "LSS email"]
[Date "2008.04.12"]
[Round "?"]
[White "Balabaev, Farit Gasisovich"]
[Black "Degterev, Pavel"]
[Result "1/2-1/2"]
[WhiteElo "2396"]
[BlackElo "2182"]
[PlyCount "108"]
[EventDate "2008.04.12"]
[EventType "tourn (corr)"]
[EventRounds "6"]
[EventCountry "GER"]
[SourceTitle "Corr 2013"]
[Source "ChessBase"]
[SourceDate "2012.11.12"]
[SourceVersion "1"]
[SourceVersionDate "2012.11.12"]
[SourceQuality "1"]
[WhiteTeam "US of America"]
[BlackTeam "US of America"]
[WhiteTeamCountry "USA"]
[BlackTeamCountry "USA"]

1. e4 g6 2. d4 Bg7 3. Nc3 d6 4. Be3 c6 5. Qd2 b5 6. Bd3 Nd7 7. Nf3 Ngf6 8. 0-0 0-0 9. h3 Qc7 10. Ne2 c5 11. c3 Bb7 12. Ng3 e5 13. a4 a6 14. Bh6 exd4 15. cxd4 c4 16. Bc2 Rfe8 17. Rfe1 Bf8 18. Bxf8 Nxf8 19. axb5 axb5 20. Rxa8 Bxa8 21. Qg5 N6d7 22. Nf5 Ne6 23. Qg3 d5 24. e5 Bc6 25. Ng5 Nxg5 26. Nh6+ Kg7 27. Qxg5 f6 28. Qf4 Nxe5 29. Re3 Bd7 30. Ng4 Bxg4 31. dxe5 fxe5 32. Qxg4 d4 33. Re1 d3 34. Bd1 Qc5 35. Re3 Qc8 36. Qg3 e4 37. Qd6 Qe6 38. Qb4 Qe5 39. g3 Kf7 40. h4 h5 41. Kh2 Re6 42. Kg2 Kg7 43. f3 Qd4 44. Rxe4 Rxe4 45. fxe4 Qxe4+ 46. Bf3 Qe5 47. Qd2 Kh7 48. Qb4 Kg7 49. Qa3 Kh7 50. Qa7+ Kh6 51. Qf2 Kg7 52. Qa7+ Kh6 53. Qa3 Kh7 54. Qb4 Kg7 1/2-1/2

[Event "LSS CP-2005-S-00006"]
[Site "LSS email"]
[Date "2008.04.12"]
[Round "?"]
[White "Balabaev, Farit Gasisovich"]
[Black "Gornoi, Meelik"]
[Result "0-1"]
[WhiteElo "2395"]
[BlackElo "2296"]
[PlyCount "82"]
[EventDate "2008.04.12"]
[EventType "tourn (corr)"]
[EventRounds "6"]
[EventCountry "GER"]
[SourceTitle "Corr 2011"]
[Source "ChessBase"]
[SourceDate "2010.08.31"]
[SourceVersion "1"]
[SourceVersionDate "2010.08.31"]
[SourceQuality "1"]

1. e4 c5 2. Nf3 d6 3. d4 cxd4 4. Nxd4 Nf6 5. Nc3 a6 6. Be2 e6 7. 0-0 Be7 8. f4 0-0 9. Kh1 Qc7 10. Be3 b5 11. Bf3 Bb7 12. e5 dxe5 13. fxe5 Nfd7 14. Bxb7 Qxb7 15. Bf4 b4 16. Nce2 Nc6 17. Nxc6 Qxc6 18. Nd4 Qb6 19. Qd3 Rfd8 20. Rad1 Nf8 21. Qf3 Ng6 22. Bg3 Rf8 23. Qe4 Rad8 24. h4 Bc5 25. c3 Ne7 26. h5 bxc3 27. bxc3 Bxd4 28. cxd4 Nf5 29. Bf2 Qb2 30. g4 Qxf2 31. gxf5 Qg3 32. Rf3 Qg5 33. Rh3 exf5 34. Qf3 Rd7 35. Rg1 Qe7 36. Qf4 Rfd8 37. Rd3 Kh8 38. Rgd1 f6 39. Qxf5 fxe5 40. dxe5 Rxd3 41. Rxd3 Rf8 0-1

[Event "LSS CP-2005-S-00006"]
[Site "LSS email"]
[Date "2008.04.12"]
[Round "?"]
[White "Deforel, Jorge Eduardo"]
[Black "Balabaev, Farit Gasisovich"]
[Result "1-0"]
[WhiteElo "2084"]
[BlackElo "2395"]
[PlyCount "121"]
[EventDate "2008.04.12"]
[EventType "tourn (corr)"]
[EventRounds "6"]
[EventCountry "GER"]
[SourceTitle "Corr 2011"]
[Source "ChessBase"]
[SourceDate "2010.08.31"]
[SourceVersion "1"]
[SourceVersionDate "2010.08.31"]
[SourceQuality "1"]

1. d4 d5 2. Nf3 Nf6 3. g3 Bf5 4. c4 c6 5. Nc3 e6 6. Nh4 Bg6 7. Nxg6 hxg6 8. Qd3 dxc4 9. Qxc4 Nbd7 10. Bg2 Qa5 11. Bd2 0-0-0 12. e3 Bb4 13. Rc1 Nb6 14. Qb3 Kb8 15. a3 Bxc3 16. Qxc3 Qb5 17. b3 Qf5 18. Qc2 Ng4 19. Qxf5 gxf5 20. h4 Nd5 21. Ke2 Ngf6 22. Rc2 Ne4 23. Be1 Nef6 24. Ba5 Rd7 25. f3 Re8 26. Bd2 e5 27. dxe5 Rxe5 28. Kf2 Re8 29. Bh3 Rde7 30. Re1 g6 31. Bg2 Nd7 32. Bf1 Re6 33. Bc4 N7b6 34. Bd3 Rd8 35. Be2 Nd7 36. Bc1 Rde8 37. Bc4 Ne5 38. Bf1 Nd7 39. Rd2 Kc7 40. Rd4 a6 41. a4 a5 42. Bd2 b6 43. e4 fxe4 44. fxe4 N5f6 45. Bf4+ Kb7 46. Bc4 R6e7 47. Kg2 Nc5 48. Bd6 Rxe4 49. Rexe4 Ncxe4 50. Bf4 Nc5 51. Bxf7 Re7 52. Bc4 Nd5 53. Bd6 Rd7 54. Bxc5 bxc5 55. Rd3 Kc7 56. Kh3 Kd6 57. Kg4 Ke5 58. Kg5 Ke4 59. g4 Rd8 60. Rh3 Ke5 61. Bd3 1-0

[Event "LSS CP-2005-S-00006"]
[Site "LSS email"]
[Date "2008.04.12"]
[Round "?"]
[White "Dutra Neto, Alfredo Carlos S"]
[Black "Balabaev, Farit Gasisovich"]
[Result "1-0"]
[WhiteElo "2297"]
[BlackElo "2396"]
[PlyCount "49"]
[EventDate "2008.04.12"]
[EventType "tourn (corr)"]
[EventRounds "6"]
[EventCountry "GER"]
[SourceTitle "Corr 2013"]
[Source "ChessBase"]
[SourceDate "2012.11.12"]
[SourceVersion "1"]
[SourceVersionDate "2012.11.12"]
[SourceQuality "1"]
[WhiteTeam "US of America"]
[BlackTeam "US of America"]
[WhiteTeamCountry "USA"]
[BlackTeamCountry "USA"]

1. d4 d5 2. c4 c6 3. Nf3 Nf6 4. Nc3 e6 5. Bg5 h6 6. Bxf6 Qxf6 7. e3 Nd7 8. Bd3 dxc4 9. Bxc4 g6 10. 0-0 Bg7 11. b4 0-0 12. Rc1 Qe7 13. Qb3 b6 14. e4 Bb7 15. a4 Rab8 16. Rfd1 a5 17. b5 cxb5 18. Bxb5 Rfd8 19. Bd3 Rbc8 20. Nb5 Qb4 21. Qa2 Rxc1 22. Rxc1 Ba6 23. Rc4 Qf8 24. Qb1 Ne5 25. dxe5 1-0

[Event "LSS CP-2005-S-00006"]
[Site "LSS email"]
[Date "2008.04.12"]
[Round "?"]
[White "Martys, Mark"]
[Black "Balabaev, Farit Gasisovich"]
[Result "1/2-1/2"]
[WhiteElo "2213"]
[BlackElo "2396"]
[PlyCount "71"]
[EventDate "2008.04.12"]
[EventType "tourn (corr)"]
[EventRounds "6"]
[EventCountry "GER"]
[SourceTitle "Corr 2013"]
[Source "ChessBase"]
[SourceDate "2012.11.12"]
[SourceVersion "1"]
[SourceVersionDate "2012.11.12"]
[SourceQuality "1"]
[WhiteTeam "US of America"]
[BlackTeam "US of America"]
[WhiteTeamCountry "USA"]
[BlackTeamCountry "USA"]

1. d4 d5 2. c4 c6 3. e3 Nf6 4. Nc3 e6 5. Nf3 Nbd7 6. Bd3 dxc4 7. Bxc4 b5 8. Bd3 Bb7 9. 0-0 a6 10. e4 c5 11. d5 Qc7 12. dxe6 fxe6 13. Bc2 c4 14. Nd4 Nc5 15. Be3 0-0-0 16. Qe2 e5 17. Nf3 Ne6 18. Rad1 Bc5 19. Nd5 Nxd5 20. exd5 Nf4 21. Bf5+ Kb8 22. Bxf4 exf4 23. Be6 Rhe8 24. Qc2 h6 25. Qg6 Re7 26. h3 Bb6 27. Rd2 Qd6 28. Rfd1 Bc8 29. Qc2 Ba5 30. Nd4 Bxd2 31. Nc6+ Kc7 32. Nxd8 Kxd8 33. Bxc8 Re1+ 34. Rxe1 Bxe1 35. Be6 Qe5 36. Qh7 1/2-1/2

[Event "FICGS W-ch sf02 email"]
[Site "FICGS email"]
[Date "2008.01.29"]
[Round "2"]
[White "Balabaev, Farit Gasisovich"]
[Black "Ingersol, Harry"]
[Result "1/2-1/2"]
[WhiteElo "2481"]
[BlackElo "2555"]
[PlyCount "105"]
[EventDate "2008.??.??"]
[EventType "match (corr)"]
[EventRounds "8"]
[SourceTitle "Corr 2011"]
[Source "ChessBase"]
[SourceDate "2010.08.31"]
[SourceVersion "1"]
[SourceVersionDate "2010.08.31"]
[SourceQuality "1"]

1. e4 e5 2. Nf3 Nc6 3. Bb5 a6 4. Ba4 Nf6 5. 0-0 b5 6. Bb3 Bc5 7. a4 Rb8 8. c3 0-0 9. d4 Bb6 10. axb5 axb5 11. dxe5 Ng4 12. Na3 Ngxe5 13. Nxb5 d6 14. Nbd4 Nxd4 15. Nxd4 Bg4 16. f3 Bd7 17. Kh1 Qf6 18. Bc2 Rfe8 19. f4 Ng4 20. h3 Qh4 21. Qe1 Qxe1 22. Rxe1 c5 23. Nf3 Nf2+ 24. Kg1 c4 25. Be3 Bxe3 26. Rxe3 Rxb2 27. Ne1 Nd3 28. Bxd3 cxd3 29. Nxd3 Rd2 30. Ne1 Kf8 31. Nf3 Rb2 32. Nd4 g6 33. Ra5 Be6 34. Rb5 Rxb5 35. Nxb5 Ke7 36. g4 Ra8 37. Kf2 Bc4 38. Nd4 Ra1 39. Kg2 h6 40. h4 Ra2+ 41. Kg3 Ra1 42. g5 hxg5 43. hxg5 f6 44. Nf3 fxg5 45. fxg5 Rc1 46. Kg4 Bb3 47. Kg3 Bc4 48. e5 Bd5 49. Rd3 Ke6 50. exd6 Kxd6 51. Nh4 Rg1+ 52. Kf4 Rf1+ 53. Kg4 1/2-1/2

[Event "FICGS W-ch sf02 email"]
[Site "FICGS email"]
[Date "2008.01.29"]
[Round "3"]
[White "Ingersol, Harry"]
[Black "Balabaev, Farit Gasisovich"]
[Result "1/2-1/2"]
[WhiteElo "2555"]
[BlackElo "2481"]
[PlyCount "105"]
[EventDate "2008.??.??"]
[EventType "match (corr)"]
[EventRounds "8"]
[SourceTitle "Corr 2011"]
[Source "ChessBase"]
[SourceDate "2010.08.31"]
[SourceVersion "1"]
[SourceVersionDate "2010.08.31"]
[SourceQuality "1"]

1. e4 c5 2. Nf3 Nc6 3. Bb5 d6 4. 0-0 Bd7 5. Re1 Nf6 6. c3 a6 7. Bf1 Bg4 8. d3 e6 9. Nbd2 Be7 10. h3 Bh5 11. g4 Bg6 12. Nh4 d5 13. g5 Nh5 14. exd5 Qxd5 15. Nc4 Qd8 16. Nxg6 hxg6 17. Qg4 Qc7 18. a4 Rd8 19. Rd1 Ne5 20. Nxe5 Qxe5 21. d4 cxd4 22. cxd4 Qb8 23. Bg2 Bd6 24. d5 exd5 25. Qe2+ Kf8 26. Rxd5 Bh2+ 27. Kf1 Kg8 28. Be3 Kh7 29. Rad1 Nf4 30. Bxf4 Bxf4 31. Qg4 Rxd5 32. Bxd5 Rf8 33. Rd4 Bc1 34. Rd3 Bxb2 35. h4 Qc8 36. Qxc8 Rxc8 37. Bxf7 Rf8 38. Rf3 Rd8 39. Rb3 Rd2 40. Ke1 Rd7 41. Bc4 Re7+ 42. Kd1 Bd4 43. Bd3 Bxf2 44. h5 Kg8 45. Bxg6 Bd4 46. Kd2 Rc7 47. Be4 b6 48. Bd5+ Kh7 49. Rd3 Bb2 50. Be4+ Kg8 51. g6 Kf8 52. Rd6 b5 53. Rxa6 1/2-1/2

[Event "LSS ST-2007-0-00022"]
[Site "LSS email"]
[Date "2007.12.04"]
[Round "?"]
[White "De Silva, Dinesh"]
[Black "Balabaev, Farit Gasisovich"]
[Result "0-1"]
[WhiteElo "2231"]
[BlackElo "2341"]
[PlyCount "22"]
[EventDate "2007.10.04"]
[EventType "tourn (corr)"]
[EventRounds "6"]
[EventCountry "GER"]
[SourceTitle "Corr 2015"]
[Source "ChessBase"]
[SourceDate "2015.07.17"]
[SourceVersion "1"]
[SourceVersionDate "2015.07.17"]
[SourceQuality "1"]

1. d4 d5 2. c4 c6 3. Nf3 Nf6 4. Nc3 e6 5. Bg5 h6 6. Bh4 dxc4 7. e4 g5 8. Bg3 b5 9. Be2 Bb7 10. Ne5 h5 11. h4 g4 0-1